Kamen Rider Wizard Styles Quiz Stats

 Plays Quiz not verified by Sporcle

Support Sporcle.
Go Orange.
Score 0/5 Timer 00:30
0 Plays Today
% Correct
Flame
95.8%
Water
94.8%
Hurricane
92.3%
Infinity
91.2%
Land
90.8%

You're not logged in!

Compare scores with friends on all Sporcle quizzes.
OR
Log In

From the Vault

ABC Queen

by scole9179

You, too, could ascend to a level of alphabetical royalty.
Remove Ads.
Support Sporcle.
Get the best of Sporcle when you Go Orange. This ad-free experience offers more features, more stats, and more fun while also helping to support Sporcle. Thank you for becoming a member.

Show Comments

Extras

Created Sep 13, 2013ReportNominate
Tags:Kamen Rider Series, Wizard

Top Quizzes Today


Score Distribution

Your Account Isn't Verified!

In order to create a playlist on Sporcle, you need to verify the email address you used during registration. Go to your Sporcle Settings to finish the process.

Report this User

Report this user for behavior that violates our Community Guidelines.

Details: